00520 2200193 4500001002100000005001500021035002000036007000300056008004100059020000600100082001300106084002000119100001700139245007500156250001100231260003400242300004000276650001000316INLIS00000000000204520260224101608 a0010-0226000055ta260224 d 1 ind  a- a741.5592 a741.5592 MAS k0 aMasami Tsuda1 aKare Kanojo No Jijou vol. 8 :bHis & Her Circumstances /cMasami Tsuda aCet. 1 aJakarta :bPT Gramedia,c2005 a100 hlm. :bilus. ;c11.5 x 17.5 cm akomik